New Year's Eve Things Quiz Stats

 Plays Quiz Updated Jan 14, 2018

Challenge
Share
Tweet
Embed
Score 0/30 Timer 10:00
0 Plays Today
Place Thing % Correct
New York City, NYBall
93.2%
Atlanta, GAPeach
37.8%
Hershey, PAHershey Kiss (raised)
30.2%
Manhattan, KSApple
28.3%
Miami, FLOrange
26.2%
Houston, TXStar
18.8%
Port Clinton, OHWalleye Fish
12.8%
Key West, FLConch-Pirate Wench-Sushi
12.4%
Pottsville, PAYuengling Beer Bottle
12.2%
Dillsburg, PAPickle
11.8%
Fayetteville, ARHog
10.3%
Plymouth, WIBig Cheese
9.6%
Fredericksburg, VAPear
8.3%
Easton, MDCrab
6.9%
Mechanicsburg, PAWrench
6.8%
Place Thing % Correct
Harrisburg, PAStrawberry
6.3%
Lancaster, PARed Rose (raised)
6%
York, PAWhite Rose
6%
Terre Haute, INWatermelon
5.5%
Seattle, WASpace Needle Elevator (rises)
4.4%
Raleigh, NCAcorn
4.4%
Pittsburgh, PAGlobe
4.2%
Lebanon, PABologna
3.6%
Bethlehem, PAMarshmallow Peep
2.9%
Shippensburg, PAAnchor
2.7%
Flagstaff, AZPine Cone
2.5%
Mobile, ALMoon Pie (raised)
2.4%
Pensacola, FLPelican
2%
Duncannon, PASled
1.9%
Steelton, PASteamroller
1.4%

You're not logged in!

Compare scores with friends on all Sporcle quizzes.
OR
Log In

You Might Also Like...

Show Comments

Extras

Top Quizzes Today


Score Distribution

Your Account Isn't Verified!

In order to create a playlist on Sporcle, you need to verify the email address you used during registration. Go to your Sporcle Settings to finish the process.

Report this User

Report this user for behavior that violates our Community Guidelines.

Details: